00678nam a2200193Ia 4500003000900000008004100009040001600050080001700066245008200083260003400165300001400199650004100213650003900254650001500293700003300308942000700341999001500348952012100363IN-BaIIA211028s9999 xx 000 0 eng d cIIA Library a524.834bGEN 0aGeneral relativitybpapers in honour of Jol Syngecedited by L. O'Raifertaigh aOxfordbClarendon Pressc1972 aix, 277p. aAstronomy and astrophysics thesaurus aGeneral theory of relativity93170 aRelativity aO'Raifertaigh, L., ed.97264 cBK c4119d4119 00104070aBANbBANcGENd1973-03-15g126.46l0o524.834/ GENp4594r2021-11-05v126.46w1973-03-15yBKGRs. 126.46